000 00248nam a2200109Ia 4500
008 220713s9999 xx 000 0 und d
020 _a978 0716677253
082 _aJNF 551.6 LEAR
100 _aLEARNING
_9151611
245 0 _aWEATHER
942 _cBK
_y561
_zJohn Tresidder
999 _c704975
_d704974